| 000 | 01014cam a2200277 4500 | ||
|---|---|---|---|
| 001 | 4545104 | ||
| 005 | 19840621000000.0 | ||
| 008 | 700105s1969 nyu b 001 0 eng | ||
| 010 | _a 70086972 | ||
| 020 | _a0800825209 | ||
| 040 |
_aDLC _cDLC _dDLC |
||
| 050 | 0 | 0 |
_aDC412 _b.G53 1969 |
| 082 | 0 | 0 |
_a327.73044 _222 _bGLA |
| 100 | 1 |
_aGladwyn, Hubert Miles Gladwyn Jebb, _cBaron, _d1900- _99420 |
|
| 245 | 1 | 0 |
_aEurope after De Gaulle/ _c Lord Gladwyn; Foreword by Vera Micheles Dean. |
| 260 |
_aNew York, _bTaplinger Pub. Co., _c1969 |
||
| 300 |
_avi, 169 p.; _c21 cm. |
||
| 500 | _aIncludes index | ||
| 500 | _aDonated by: Alaa Abdel Ghany | ||
| 504 | _aBibliographical footnotes. | ||
| 600 | 1 | 0 |
_aGaulle, Charles de, _d1890-1970. _99421 |
| 651 | 0 |
_aFrance _xForeign relations _zEurope. _99422 |
|
| 651 | 0 |
_aEurope _xForeign relations _zFrance. _99423 |
|
| 942 |
_2ddc _cBB |
||
| 999 |
_c12928 _d12928 |
||